Grammaire pratique du Francais d’aujourd’hui : Văn phạm Pháp văn thực hành /

Guardado en:
Detalles Bibliográficos
Autor principal: Mauger G.
Formato: Libro
Lenguaje:French
Publicado: Pari : hachette, 1968.
1968.
Materias:
Etiquetas: Agregar Etiqueta
Sin Etiquetas, Sea el primero en etiquetar este registro!
Thư viện lưu trữ: Mạng thư viện Đại học Đà Nẵng
LEADER 01011nam a22003011a 4500
001 000036572
003 12867
005 20221121164050.0
008 160408s1968 000
040 |a lnn  |c lnn  |d lnn 
041 0 |a fre 
082 0 |a 448  |b MA-G 
100 1 |a Mauger G. 
245 0 0 |a Grammaire pratique du Francais d’aujourd’hui :  |b Văn phạm Pháp văn thực hành /  |c G. Mauger ;. 
246 0 1 |a Văn phạm pháp văn thực hành. 
260 |c 1968. 
260 |a Pari :  |b hachette,  |c 1968. 
300 |a 417Tr. ;  |c 21cm. 
653 0 4 |a Grammaire pratique  |a Grammaire 
OWN |a LNN 
AVA |a UDN50  |b LNN  |c French  |d 448MA-G  |e available  |t Error 5001 Not defined in file expand_doc_bib_avail.  |f 2  |g 0  |h N  |i 0  |j PN 
999 |a From the UDN01 
AVA |a UDN50  |b LNN  |c French  |d 448MA-G  |e available  |t Error 5001 Not defined in file expand_doc_bib_avail.  |f 2  |g 0  |h N  |i 0  |j PN 
TYP |a Monograph 
980 |a Mạng thư viện Đại học Đà Nẵng